An extension of the Hermite-Hadamard inequality

In this paper we prove a generalization of the classical HermiteHadamard inequality for convex (concave) functions extending it to n different nodes, without using any further restrictions on the function. We use the concept of iterated integrals of / to effect our purpose. Moreover we apply the mai...

Teljes leírás

Elmentve itt :
Bibliográfiai részletek
Szerző: Retkes Zoltán
Dokumentumtípus: Cikk
Megjelent: Bolyai Institute, University of Szeged Szeged 2008
Sorozat:Acta scientiarum mathematicarum 74 No. 1-2
Kulcsszavak:Matematika, Hermite-Hadamard egyenlőtlenség
Tárgyszavak:
Online Access:http://acta.bibl.u-szeged.hu/16227
LEADER 01187nab a2200217 i 4500
001 acta16227
005 20260311125825.0
008 161015s2008 hu o 000 eng d
022 |a 0001-6969 
040 |a SZTE Egyetemi Kiadványok Repozitórium  |b hun 
041 |a eng 
100 1 |a Retkes Zoltán 
245 1 3 |a An extension of the Hermite-Hadamard inequality  |h [elektronikus dokumentum] /  |c  Retkes Zoltán 
260 |a Bolyai Institute, University of Szeged  |b Szeged  |c 2008 
300 |a 95-106 
490 0 |a Acta scientiarum mathematicarum  |v 74 No. 1-2 
520 3 |a In this paper we prove a generalization of the classical HermiteHadamard inequality for convex (concave) functions extending it to n different nodes, without using any further restrictions on the function. We use the concept of iterated integrals of / to effect our purpose. Moreover we apply the main result to the function family f(u) = ua (a > 0) and useful identities for sums and products are given. 
650 4 |a Természettudományok 
650 4 |a Matematika 
695 |a Matematika, Hermite-Hadamard egyenlőtlenség 
856 4 0 |u http://acta.bibl.u-szeged.hu/16227/1/math_074_numb_001_002_095-106.pdf  |z Dokumentum-elérés